000
00278nam a2200109Ia 4500
008
220204s9999 xx 000 0 und d
082
_a
678(058)
_b
PET
245
0
_a
Polymer year book 2
260
_a
New York
_b
Harwood Academic
_c
1985
700
_a
Pethrick Richard, A
942
_c
BK
999
_c
39806
_d
39806